| 000 | 00464nam a22001817a 4500 | ||
|---|---|---|---|
| 003 | NUST - PNEC | ||
| 005 | 20170116181154.0 | ||
| 008 | 160107b xxu||||| |||| 00| 0 eng d | ||
| 020 | _a- | ||
| 040 | _cLIBRARY | ||
| 082 | _a745 BAR | ||
| 100 |
_915735 _aBarnes, Joanna |
||
| 245 |
_aStarting from scratch : a guide to home decorating _cJoanna Barnes |
||
| 250 | _a- | ||
| 260 | _cc.1968 | ||
| 650 |
_915736 _aInterior decoration _xGeneral |
||
| 942 |
_2ddc _cBK |
||
| 999 |
_c71109 _d71109 |
||